[Event "CZE-chT1E 2223"]
[Site "Czech Republic"]
[Date "2022.12.11"]
[Round "5.6"]
[White "Vaclavik, Martin"]
[Black "Cvek, Robert"]
[Result "1/2-1/2"]
[WhiteElo "2065"]
[BlackElo "2476"]
[PlyCount "58"]
[EventDate "2022.10.08"]
[EventType "team-tourn"]
[EventRounds "11"]
[EventCountry "CZE"]
[SourceTitle "CBM 213 Extra"]
[Source "ChessBase"]
[SourceDate "2023.05.31"]
[SourceVersion "1"]
[SourceVersionDate "2023.05.31"]
[SourceQuality "1"]
[WhiteTeam "Poruba Slavoj II"]
[BlackTeam "Poruba Slavoj"]
[WhiteTeamCountry "CZE"]
[BlackTeamCountry "CZE"]

1. e4 c5 2. Nf3 d6 3. Bb5+ Nd7 4. c3 Ngf6 5. Qe2 a6 6. Ba4 e6 7. 0-0 Be7 8. d4 cxd4 9. cxd4 b5 10. Bc2 Bb7 11. b3 0-0 12. Bb2 Qb6 13. Nbd2 Rfc8 14. Rac1 Nf8 15. Bb1 Qa5 16. h3 Ng6 17. Qe3 Qd8 18. Rfd1 Qd7 19. Nf1 Bd8 20. Ng3 Bb6 21. Qg5 Rxc1 22. Rxc1 Rc8 23. h4 h6 24. Qd2 Rxc1+ 25. Qxc1 Qc7 26. Qd2 Ba5 27. b4 Bb6 28. h5 Nf8 29. Qf4 N6d7 1/2-1/2

[Event "CZE-chT1E 2223"]
[Site "Czech Republic"]
[Date "2022.11.27"]
[Round "4.5"]
[White "Gnojek, Petr"]
[Black "Vaclavik, Martin"]
[Result "1/2-1/2"]
[WhiteElo "2327"]
[BlackElo "2065"]
[PlyCount "120"]
[EventDate "2022.10.08"]
[EventType "team-tourn"]
[EventRounds "11"]
[EventCountry "CZE"]
[SourceTitle "CBM 213 Extra"]
[Source "ChessBase"]
[SourceDate "2023.05.31"]
[SourceVersion "1"]
[SourceVersionDate "2023.05.31"]
[SourceQuality "1"]
[WhiteTeam "Frydek Mistek II"]
[BlackTeam "Poruba Slavoj II"]
[WhiteTeamCountry "CZE"]
[BlackTeamCountry "CZE"]

1. d4 d5 2. c4 c6 3. Nf3 Nf6 4. Nc3 e6 5. Bg5 h6 6. Bh4 Be7 7. e3 Nbd7 8. Qc2 b6 9. cxd5 exd5 10. Be2 0-0 11. 0-0 Re8 12. Rab1 Bb7 13. b4 a5 14. a3 axb4 15. axb4 Ra7 16. Qb2 Ne4 17. Bxe7 Qxe7 18. Ra1 Rea8 19. Rxa7 Rxa7 20. Nxe4 dxe4 21. Nd2 Nf6 22. b5 Qa3 23. Qb1 Qa2 24. bxc6 Qxb1 25. Rxb1 Bxc6 26. Rxb6 Ra1+ 27. Nf1 Bd5 28. Rb2 g6 29. f3 Kg7 30. Kf2 Ra7 31. Nd2 Rc7 32. fxe4 Nxe4+ 33. Nxe4 Bxe4 34. Bf3 Rc2+ 35. Rxc2 Bxc2 36. e4 Kf6 37. Ke3 Ke6 38. Kf4 f6 39. g3 Ba4 40. Be2 Kd6 41. Bc4 Be8 42. h4 Bd7 43. e5+ fxe5+ 44. dxe5+ Ke7 45. g4 Be8 46. g5 h5 47. Ke4 Bc6+ 48. Kd4 Bd7 49. Bg8 Ba4 50. Kc5 Bc2 51. Bd5 Bf5 52. Kd4 Bd7 53. Be4 Be8 54. Kd5 Bf7+ 55. Kc5 Be8 56. Bc6 Bf7 57. Ba4 Be6 58. Bc2 Bf7 59. e6 Kxe6 60. Bb3+ Kf5 1/2-1/2

[Event "CZE-chT2F 1920"]
[Site "Czech Republic"]
[Date "2019.11.03"]
[Round "2.5"]
[White "Vaclavik, Martin"]
[Black "Krajina, Ales"]
[Result "0-1"]
[WhiteElo "2082"]
[BlackElo "2156"]
[PlyCount "80"]
[EventDate "2019.10.13"]
[EventType "team-tourn"]
[EventRounds "11"]
[EventCountry "CZE"]
[SourceTitle "EXT 2024"]
[Source "ChessBase"]
[SourceDate "2023.10.10"]
[SourceVersion "1"]
[SourceVersionDate "2023.10.10"]
[SourceQuality "1"]
[WhiteTeam "Poruba Slavoj III"]
[BlackTeam "Ostrava Labortech II"]
[WhiteTeamCountry "CZE"]
[BlackTeamCountry "CZE"]

1. e4 g6 2. d4 Bg7 3. Be3 c6 4. Nc3 d5 5. exd5 cxd5 6. Nf3 Nc6 7. Bb5 Bg4 8. h3 Bxf3 9. Qxf3 e6 10. 0-0 Nge7 11. Nd1 a6 12. Bxc6+ Nxc6 13. c3 0-0 14. Bf4 f6 15. Bg3 e5 16. dxe5 fxe5 17. Qg4 Qc8 18. Qxc8 Raxc8 19. Re1 d4 20. Re4 Rfd8 21. b3 b5 22. Bh4 Rd7 23. Bg5 h6 24. Bd2 Ne7 25. cxd4 exd4 26. Kf1 Nd5 27. Re6 Rc2 28. Ke1 Kf7 29. Re4 d3 30. Rb1 Rxa2 31. Rc1 a5 32. Rc5 b4 33. Rec4 Bc3 34. Bxc3 bxc3 35. Rxd5 Rxd5 36. Rxc3 Re2+ 37. Kf1 Rc2 38. g3 Rxc3 39. Nxc3 Rc5 40. Nd1 Rb5 0-1

[Event "CZE-chT2F 1819"]
[Site "Czech Republic"]
[Date "2019.01.13"]
[Round "6.8"]
[White "Vrba, Svatopluk"]
[Black "Vaclavik, Martin"]
[Result "0-1"]
[WhiteElo "1684"]
[BlackElo "2089"]
[PlyCount "100"]
[EventDate "2018.10.14"]
[EventType "team-tourn"]
[EventRounds "11"]
[EventCountry "CZE"]
[SourceTitle "EXT 2022"]
[Source "ChessBase"]
[SourceDate "2021.10.06"]
[SourceVersion "1"]
[SourceVersionDate "2021.10.06"]
[SourceQuality "1"]
[WhiteTeam "Vrbno pod Pradedem"]
[BlackTeam "Poruba Slavoj II"]
[WhiteTeamCountry "CZE"]
[BlackTeamCountry "CZE"]

1. e4 c5 2. Nf3 d6 3. d4 cxd4 4. Nxd4 Nf6 5. Nc3 a6 6. Bc4 e6 7. Bb3 b5 8. a3 Be7 9. 0-0 0-0 10. Bg5 Qb6 11. Nde2 Bb7 12. Ng3 Nbd7 13. Qe2 Nc5 14. Be3 Qc6 15. f3 Nxb3 16. cxb3 Rfc8 17. Rac1 Qe8 18. Rfd1 d5 19. Bf2 dxe4 20. fxe4 Bc5 21. b4 Bxf2+ 22. Kxf2 Rd8 23. Kg1 Rxd1+ 24. Rxd1 Rd8 25. Rd2 h6 26. Qd1 Rxd2 27. Qxd2 Qd7 28. Qxd7 Nxd7 29. Kf2 Ne5 30. Ke2 Kf8 31. h3 Ke7 32. b3 g6 33. Ke3 f5 34. Kd4 Kd6 35. Nf1 Nc6+ 36. Ke3 e5 37. exf5 gxf5 38. Nd2 Nd4 39. Kf2 e4 40. g3 Ke5 41. a4 Nc2 42. Nf1 bxa4 43. bxa4 Nxb4 44. Ke3 a5 45. Nd2 Nc2+ 46. Ke2 Ba6+ 47. Kd1 Ne3+ 48. Ke1 Ng2+ 49. Kd1 Kd4 50. Ne2+ Ke3 0-1

[Event "CZE-chT2F 1819"]
[Site "Czech Republic"]
[Date "2018.10.14"]
[Round "1.7"]
[White "Kaminsky, Rudolf"]
[Black "Vaclavik, Martin"]
[Result "1/2-1/2"]
[WhiteElo "2029"]
[BlackElo "2089"]
[PlyCount "63"]
[EventDate "2018.10.14"]
[EventType "team-tourn"]
[EventRounds "11"]
[EventCountry "CZE"]
[SourceTitle "EXT 2022"]
[Source "ChessBase"]
[SourceDate "2021.10.06"]
[SourceVersion "1"]
[SourceVersionDate "2021.10.06"]
[SourceQuality "1"]
[WhiteTeam "Havirov Slovan"]
[BlackTeam "Poruba Slavoj II"]
[WhiteTeamCountry "CZE"]
[BlackTeamCountry "CZE"]

1. d4 d5 2. c4 c6 3. Nc3 Nf6 4. Nf3 e6 5. e3 Nbd7 6. Qc2 Bd6 7. b3 0-0 8. Bb2 b6 9. Be2 Bb7 10. Rc1 Qe7 11. 0-0 Rfe8 12. Rfd1 Rac8 13. Qb1 Bb8 14. Qa1 Ne4 15. Nxe4 dxe4 16. Nd2 f5 17. f4 exf3 18. Bxf3 e5 19. Nf1 e4 20. Be2 Qg5 21. Rc2 Re6 22. Re1 Rh6 23. g3 Nf6 24. Bc1 Rf8 25. Bd1 Rg6 26. Qb2 h5 27. Rg2 Qh6 28. Qe2 Kf7 29. a4 h4 30. gxh4 Rxg2+ 31. Qxg2 Qxh4 32. Re2 1/2-1/2

[Event "CZE-chT2F 1516"]
[Site "Czech Republic"]
[Date "2016.04.17"]
[Round "11.16"]
[White "Baier, Pavel"]
[Black "Vaclavik, Martin"]
[Result "1-0"]
[WhiteElo "2114"]
[BlackElo "2151"]
[PlyCount "63"]
[EventDate "2015.10.18"]
[EventType "team-tourn"]
[EventRounds "11"]
[EventCountry "CZE"]
[SourceTitle "EXT 2022"]
[Source "ChessBase"]
[SourceDate "2021.10.06"]
[SourceVersion "1"]
[SourceVersionDate "2021.10.06"]
[SourceQuality "1"]
[WhiteTeam "Havirov Banik"]
[BlackTeam "Poruba Slavoj II"]
[WhiteTeamCountry "CZE"]
[BlackTeamCountry "CZE"]

1. e4 c5 2. Nf3 d6 3. d4 cxd4 4. Nxd4 Nf6 5. Nc3 a6 6. Bc4 e6 7. 0-0 b5 8. Bb3 b4 9. Na4 Nxe4 10. Re1 d5 11. Bf4 Bb7 12. Qh5 Nf6 13. Qe5 Nc6 14. Nxe6 fxe6 15. Qxe6+ Be7 16. Nc5 Qc8 17. Qxc8+ Bxc8 18. Ba4 0-0 19. Bxc6 Ra7 20. Ne6 Bxe6 21. Rxe6 Bc5 22. Bd6 Bxd6 23. Rxd6 Rc7 24. f3 Rfc8 25. Ba4 a5 26. Re1 Kf7 27. Kf2 Ra7 28. Re2 Rc5 29. g4 h6 30. h4 Rac7 31. g5 hxg5 32. hxg5 1-0

[Event "CZE-chT2F 1516"]
[Site "Czech Republic"]
[Date "2016.02.21"]
[Round "8.55"]
[White "Horsak, Jan"]
[Black "Vaclavik, Martin"]
[Result "1/2-1/2"]
[WhiteElo "2080"]
[BlackElo "2151"]
[PlyCount "62"]
[EventDate "2015.10.18"]
[EventType "team-tourn"]
[EventRounds "11"]
[EventCountry "CZE"]
[SourceTitle "EXT 2022"]
[Source "ChessBase"]
[SourceDate "2021.10.06"]
[SourceVersion "1"]
[SourceVersionDate "2021.10.06"]
[SourceQuality "1"]
[WhiteTeam "Stare Mesto II"]
[BlackTeam "Poruba Slavoj II"]
[WhiteTeamCountry "CZE"]
[BlackTeamCountry "CZE"]

1. c4 c5 2. g3 Nf6 3. Bg2 g6 4. Nc3 Nc6 5. e4 Bg7 6. Nge2 d6 7. 0-0 0-0 8. d3 a6 9. Rb1 Rb8 10. a3 b5 11. cxb5 axb5 12. b4 cxb4 13. axb4 e6 14. d4 d5 15. e5 Nd7 16. Qd3 f6 17. f4 Qb6 18. Be3 Ba6 19. Rfc1 Rfc8 20. Na2 Ne7 21. Qd2 Qb7 22. Nec3 Nb6 23. Bf2 Nc4 24. Qe2 f5 25. Rb3 Bf8 26. h3 Qb6 27. Qd3 Bb7 28. Rcb1 Ra8 29. Nc1 Ra6 30. Qd1 Rca8 31. Nd3 Bc8 1/2-1/2

[Event "CZE-chT2F 1415"]
[Site "Czech Republic"]
[Date "2014.11.30"]
[Round "3.57"]
[White "Vaclavik, Martin"]
[Black "Zajicek, Tomas"]
[Result "1/2-1/2"]
[WhiteElo "2160"]
[BlackElo "1942"]
[PlyCount "161"]
[EventDate "2014.11.02"]
[EventType "team-tourn"]
[EventRounds "11"]
[EventCountry "CZE"]
[SourceTitle "EXT 2022"]
[Source "ChessBase"]
[SourceDate "2021.10.06"]
[SourceVersion "1"]
[SourceVersionDate "2021.10.06"]
[SourceQuality "1"]
[WhiteTeam "Poruba Slavoj II"]
[BlackTeam "Grygov II"]
[WhiteTeamCountry "CZE"]
[BlackTeamCountry "CZE"]

1. e4 c5 2. Nc3 Nc6 3. d3 g6 4. Be3 d6 5. g3 Bg7 6. Qd2 e5 7. Bg2 Be6 8. Nge2 Nd4 9. 0-0 Ne7 10. Nd1 0-0 11. c3 Nxe2+ 12. Qxe2 Qc7 13. f4 f5 14. fxe5 dxe5 15. exf5 Nxf5 16. Bf2 Rad8 17. Ne3 Nxe3 18. Bxe3 Bf5 19. Be4 a6 20. Bg5 Rde8 21. g4 Be6 22. b3 b5 23. c4 Qd7 24. h3 Rxf1+ 25. Rxf1 Rf8 26. Be3 Rxf1+ 27. Qxf1 h5 28. Bxg6 hxg4 29. hxg4 Bxg4 30. Bxc5 Qc7 31. b4 bxc4 32. dxc4 e4 33. Bxe4 Qg3+ 34. Bg2 Bh3 35. Qf3 Qe1+ 36. Qf1 Qg3 37. Qf3 Qe1+ 38. Kh2 Bxg2 39. Kxg2 Qd2+ 40. Qf2 Qg5+ 41. Qg3 Qd2+ 42. Kh3 Qd7+ 43. Kh4 Qe6 44. Qd3 Qf6+ 45. Kg4 Qe6+ 46. Kf3 Qh3+ 47. Ke2 Qg2+ 48. Bf2 Qg4+ 49. Ke1 Qe6+ 50. Kd2 Qf6 51. Bc5 Qb2+ 52. Qc2 Qe5 53. a3 Qh2+ 54. Kc1 Qe5 55. Qd3 Qb2+ 56. Kd1 Qa1+ 57. Ke2 Qb2+ 58. Ke3 Qe5+ 59. Kf3 Qf6+ 60. Kg2 Qg5+ 61. Qg3 Qd2+ 62. Bf2 Qd7 63. c5 Qd5+ 64. Kf1 Qd1+ 65. Be1 Qd5 66. Ke2 Qe4+ 67. Qe3 Qc4+ 68. Kd1 Qg4+ 69. Kc2 Qc4+ 70. Kb1 Qf7 71. Bc3 Qb3+ 72. Kc1 Qxc3+ 73. Qxc3 Bxc3 74. Kc2 Be5 75. a4 Kf7 76. Kd3 Ke6 77. Kc4 Kd7 78. Kd5 Bg3 79. b5 axb5 80. axb5 Kc7 81. Kc4 1/2-1/2

[Event "CZE-chT2F 1314"]
[Site "Czech Republic"]
[Date "2014.01.05"]
[Round "5.23"]
[White "Vaclavik, Martin"]
[Black "Hrtanek, Jiri"]
[Result "1/2-1/2"]
[WhiteElo "2173"]
[BlackElo "2065"]
[PlyCount "39"]
[EventDate "2013.11.03"]
[EventType "team-tourn"]
[EventRounds "11"]
[EventCountry "CZE"]
[SourceTitle "EXT 2016"]
[Source "ChessBase"]
[SourceDate "2015.10.08"]
[SourceVersion "1"]
[SourceVersionDate "2015.10.08"]
[SourceQuality "1"]
[WhiteTeam "Poruba VOKD"]
[BlackTeam "Orlova Slavia II"]
[WhiteTeamCountry "CZE"]
[BlackTeamCountry "CZE"]

1. e4 c5 2. Nc3 Nc6 3. g3 g6 4. Bg2 Bg7 5. d3 d6 6. Be3 e6 7. Qd2 Nd4 8. Nd1 Ne7 9. c3 Ndc6 10. Ne2 f5 11. 0-0 0-0 12. Bh6 Bxh6 13. Qxh6 Ne5 14. Qd2 d5 15. f4 N5c6 16. e5 b6 17. d4 Ba6 18. Re1 Rc8 19. Ne3 Rc7 20. Nc2 1/2-1/2

[Event "CZE-chT2F 1112"]
[Site "Czech Republic"]
[Date "2012.02.19"]
[Round "8.56"]
[White "Vaclavik, Martin"]
[Black "Suchanek, Miroslav"]
[Result "1-0"]
[WhiteElo "2159"]
[BlackElo "2079"]
[PlyCount "123"]
[EventDate "2011.10.09"]
[EventType "team-tourn"]
[EventRounds "11"]
[EventCountry "CZE"]
[SourceTitle "EXT 2013"]
[Source "ChessBase"]
[SourceDate "2012.11.22"]
[SourceVersion "1"]
[SourceVersionDate "2012.11.22"]
[SourceQuality "1"]
[WhiteTeam "Poruba VOKD"]
[BlackTeam "Dolni Benesov"]
[WhiteTeamCountry "CZE"]
[BlackTeamCountry "CZE"]

1. e4 e6 2. d3 d5 3. Nd2 Nf6 4. g3 b6 5. Bg2 Bb7 6. e5 Nfd7 7. Ngf3 c5 8. 0-0 Nc6 9. Re1 Qc7 10. Qe2 Be7 11. Nf1 h6 12. c4 d4 13. a3 a5 14. Bd2 a4 15. h4 Rg8 16. N1h2 Qb8 17. Ng4 Qa7 18. h5 0-0-0 19. Bf4 Na5 20. Nd2 Bxg2 21. Kxg2 Rde8 22. Qd1 Nc6 23. b3 axb3 24. Nxb3 Bd8 25. Bd2 Bc7 26. f4 Qa8 27. Qf3 Qa4 28. Reb1 Rh8 29. Nf2 f5 30. Nd1 Rhg8 31. Nc1 g5 32. hxg6 Rxg6 33. Nb2 Qa8 34. a4 Reg8 35. Ne2 Qb7 36. Kf2 Na5 37. Bxa5 Qxf3+ 38. Kxf3 bxa5 39. Rh1 Nb8 40. Rh3 Nc6 41. Rah1 Rh8 42. Nd1 Nb4 43. Nf2 Kd7 44. Nc1 Nc2 45. g4 fxg4+ 46. Nxg4 Rb8 47. R3h2 Na3 48. Rxh6 Rxh6 49. Rxh6 Rb1 50. Ne2 Rd1 51. Nf2 Rd2 52. Ng3 Bb6 53. Nge4 Ra2 54. Rh7+ Kc6 55. Re7 Nc2 56. Rxe6+ Kc7 57. f5 Ne1+ 58. Kg3 Re2 59. f6 Kd7 60. Rxb6 Nxd3 61. Nxd3 Rxe4 62. Nxc5+ 1-0

[Event "CZE-chT2F 1112"]
[Site "Czech Republic"]
[Date "2012.02.05"]
[Round "7.37"]
[White "Vaclavik, Martin"]
[Black "Zapletal, Jiri"]
[Result "1/2-1/2"]
[WhiteElo "2159"]
[BlackElo "2146"]
[PlyCount "22"]
[EventDate "2011.10.09"]
[EventType "team-tourn"]
[EventRounds "11"]
[EventCountry "CZE"]
[SourceTitle "EXT 2013"]
[Source "ChessBase"]
[SourceDate "2012.11.22"]
[SourceVersion "1"]
[SourceVersionDate "2012.11.22"]
[SourceQuality "1"]
[WhiteTeam "Poruba VOKD"]
[BlackTeam "Olomouc"]
[WhiteTeamCountry "CZE"]
[BlackTeamCountry "CZE"]

1. e4 d6 2. d4 Nf6 3. Nc3 e5 4. f4 exd4 5. Qxd4 Nc6 6. Qf2 Be7 7. h3 a6 8. Be3 b5 9. a3 Bb7 10. b4 0-0 11. Nf3 a5 1/2-1/2

[Event "Morava-chT 9900"]
[Site "Czech Republic"]
[Date "2000.??.??"]
[Round "11"]
[White "Malis, Jiri"]
[Black "Vaclavik, Martin"]
[Result "1-0"]
[WhiteElo "2190"]
[BlackElo "2107"]
[PlyCount "105"]
[EventDate "1999.??.??"]
[EventType "team-tourn"]
[EventRounds "11"]
[EventCountry "CZE"]
[SourceTitle "EXT 2001"]
[Source "ChessBase"]
[SourceDate "2000.11.22"]
[SourceVersion "1"]
[SourceVersionDate "2000.11.22"]
[SourceQuality "1"]

1. c4 c5 2. g3 Nf6 3. Bg2 e6 4. e4 Nc6 5. Nc3 d6 6. Nge2 g6 7. d4 Bg7 8. dxc5 dxc5 9. Qxd8+ Kxd8 10. Be3 Nd7 11. 0-0-0 Ke7 12. Rxd7+ Bxd7 13. Bxc5+ Kd8 14. Rd1 Bf8 15. Na4 b6 16. Be3 Kc7 17. Nec3 Rd8 18. Nb5+ Kb8 19. Nxa7 Kxa7 20. Nxb6 Be8 21. Rxd8 Nxd8 22. Bd4 e5 23. Bxe5 Bh6+ 24. f4 Rf8 25. Nc8+ Kb7 26. Nd6+ Kc6 27. Nb5 Ne6 28. Bd6 Rg8 29. Kc2 Nd4+ 30. Nxd4+ Kxd6 31. b4 Ba4+ 32. Kc3 Re8 33. c5+ Kc7 34. b5 Rd8 35. e5 Bf8 36. b6+ Kc8 37. Kc4 Rxd4+ 38. Kxd4 Be7 39. c6 Kb8 40. Bd5 Bb5 41. g4 Ba4 42. f5 gxf5 43. gxf5 f6 44. c7+ Kc8 45. Be6+ Bd7 46. exf6 Bxf6+ 47. Kc4 Be5 48. h3 h5 49. a4 h4 50. a5 Bd6 51. a6 Bxe6+ 52. fxe6 Bc5 53. a7 1-0

[Event "Morava-chT 9900"]
[Site "Czech Republic"]
[Date "2000.??.??"]
[Round "6"]
[White "Pastor, Karel Jr"]
[Black "Vaclavik, Martin"]
[Result "1-0"]
[WhiteElo "2269"]
[BlackElo "2107"]
[PlyCount "51"]
[EventDate "1999.??.??"]
[EventType "team-tourn"]
[EventRounds "11"]
[EventCountry "CZE"]
[SourceTitle "EXT 2001"]
[Source "ChessBase"]
[SourceDate "2000.11.22"]
[SourceVersion "1"]
[SourceVersionDate "2000.11.22"]
[SourceQuality "1"]

1. d4 d5 2. Bg5 Nf6 3. Bxf6 exf6 4. e3 Bd6 5. Bd3 0-0 6. Nd2 Re8 7. Qf3 Nc6 8. c3 Ne7 9. Ne2 a6 10. g4 Bd7 11. h4 Qc8 12. g5 Bg4 13. Qg2 f5 14. 0-0-0 f4 15. Rdg1 Bf5 16. e4 dxe4 17. Nxe4 Qe6 18. h5 Bxe4 19. Bxe4 Nf5 20. Bd3 Qxa2 21. g6 Ba3 22. gxf7+ Kxf7 23. bxa3 Rxe2 24. Bxe2 Qxa3+ 25. Kc2 Qa4+ 26. Kb2 1-0